| 000 | 00000nas 2200000za 4500 |
| 001 | 9.501602 |
| 003 | CaOODSP |
| 005 | 20230412131953 |
| 007 | cr ||||||||||| |
| 008 | 150406d19982007xxc|| p o||||f| |0fre|d |
| 040 | |aCaOODSP|bfre |
| 043 | |an-cn--- |
| 086 | 1 |aRC21-1F-PDF |
| 110 | 1 |aCanada.|bCommission des revendications des Indiens, |eauteur, |eorganisme de publication. |
| 245 | 10|aJalons |h[ressource électronique] |
| 260 | |aOttawa - Ontario : |bCommission des revendications des Indiens |
| 310 | |aIrrégulier |
| 362 | 1 |aParaît depuis été 1998; ne paraît plus après vol. 11, n° 2. |
| 691 | 07|aAutochtones|2gcpds |
| 691 | 07|aRevendication territoriale|2gcpds |
| 775 | 08|tLandmark |w(CaOODSP)9.505203 |
| 776 | 0#|tLandmark |w(CaOODSP)9.508642 |
| 776 | 0#|tJalons |w(CaOODSP)9.508643 |